Touch it (Ariana Grande) - lyrics - Statistics

General Stats
  • This quiz has been taken 114 times
  • The average score is 307 of 358
Answer Stats
Answer % Correct
I
100%
the
100%
a
98%
do
96%
all
93%
everytime
93%
go
93%
it
93%
me
93%
touch
93%
you
93%
Cause
91%
gonna
91%
nobody
91%
Aint
89%
aint
89%
How
89%
I'm
89%
in?
89%
in
89%
into
89%
phone
89%
way
89%
And
87%
and
87%
Baby
87%
be
87%
don't
87%
make
87%
Take
87%
When
87%
when
87%
with
87%
not
84%
ring?
84%
so
84%
So
84%
up
84%
wanna
84%
Why
84%
why
84%
zone
84%
behave
82%
Cause
82%
let's
82%
my
82%
remember
82%
you're
82%
just
80%
on
80%
places
80%
see
80%
even
78%
tell
78%
there?
78%
want
78%
we
78%
love
76%
pick
76%
really
76%
skin?
76%
care?
73%
feel
73%
know
73%
taking
73%
break
71%
fall
71%
for
71%
tired
71%
both
69%
come
69%
forget
69%
night
69%
of
69%
say
69%
we're
69%
what
69%
breath
67%
coming
67%
pace
67%
breathing
64%
holding
64%
insane
64%
It's
64%
then
64%
obviously
62%
Remind
62%
are
60%
around
60%
being
60%
danger
60%
patient
58%
face
53%
No matching quizzes found
Score Distribution
Percent of People with Each Score
Percentile by Number Answered
Your Score History
You have not taken this quiz